God, sex, and you / (Record no. 5934)

MARC details
000 -LEADER
fixed length control field 00765cam a2200265 i 4500
001 - CONTROL NUMBER
control field 2741457
003 - CONTROL NUMBER IDENTIFIER
control field GBCCL
005 - DATE AND TIME OF LATEST TRANSACTION
control field 20241126110552.0
008 - FIXED-LENGTH DATA ELEMENTS--GENERAL INFORMATION
fixed length control field 760409s1971 pau b 000 0 eng
010 ## -
-- 78159727
040 ## - CATALOGING SOURCE
Original cataloging agency DLC
Transcribing agency DLC
Modifying agency DLC
050 00 -
-- HQ31
-- .V658
082 00 - DEWEY DECIMAL CLASSIFICATION NUMBER
Classification number 241.66
Item number VIN
100 1# - MAIN ENTRY--PERSONAL NAME
Personal name Vincent, Merville O.,
Dates associated with a name 1930-
9 (RLIN) 10742
245 10 - TITLE STATEMENT
Title God, sex, and you /
Statement of responsibility, etc. M. O. Vincent.
260 ## - PUBLICATION, DISTRIBUTION, ETC.
Place of publication, distribution, etc. Philadelphia :
Name of publisher, distributor, etc. Lippincott,
Date of publication, distribution, etc. c1971.
300 ## - PHYSICAL DESCRIPTION
Extent 204 p. ;
Dimensions 18 cm.
500 ## - GENERAL NOTE
General note "A Holman book."
504 ## - BIBLIOGRAPHY, ETC. NOTE
Bibliography, etc. note Bibliography: p. 163-165.
650 #0 - SUBJECT ADDED ENTRY--TOPICAL TERM
Topical term or geographic name entry element Sexual ethics.
9 (RLIN) 3910
650 #0 - SUBJECT ADDED ENTRY--TOPICAL TERM
Topical term or geographic name entry element Marriage.
9 (RLIN) 2123
650 #0 - SUBJECT ADDED ENTRY--TOPICAL TERM
Topical term or geographic name entry element Sex
General subdivision Religious aspects
-- Christianity.
9 (RLIN) 4273
906 ## - LOCAL DATA ELEMENT F, LDF (RLIN)
a 7
b cbc
c orignew
d 2
e ncip
f 19
g y-gencatlg
942 ## - ADDED ENTRY ELEMENTS (KOHA)
Source of classification or shelving scheme Dewey Decimal Classification
Koha item type Books
Koha issues (borrowed), all copies 1
Holdings
Withdrawn status Lost status Source of classification or shelving scheme Damaged status Not for loan Home library Current Library Shelving location Date acquired Total checkouts Full call number Barcode Date last seen Date last checked out Copy number Price effective from Koha item type
    Dewey Decimal Classification     GRACE BIBLE COLLEGE GRACE BIBLE COLLEGE Theology 2018-04-18 2 241.66 VIN 000893 2025-08-08 2025-08-06 c.1 2018-04-18 Books
© Grace Bible College Library 2025